000 00796nam a22002177a 4500
999 _c12279
_d12279
003 AR-CdUCM
008 190408b ||||| |||| 00| 0 spa d
040 _aMUNICIPALIDAD PROVINCIAL DEL CUSCO
_cBIBLIOTECA MUNICIPAL DEL CUSCO
082 _aC / 985.033 /
_bB928
100 _aBueno, Cosme
_930052
245 _aGeografía del Perú Virreinal :
_b(siglo XVIII) /
260 _aLima :
_bAzángaro,
_c1951.
300 _a140 + 26 páginas ;
_c24 cm.
505 _aDescripción de las provincias pertenecientes al Arzobispado de Lima -- Trujillo -- Humanga --Arequipa -- Cusco -- La Paz...
650 _aGeografia.
_9318
650 _aDescripción.
_91990
650 _aVirreinato.
_96280
700 _aValcarcel, Daniel (publicado por)
_930053
942 _2ddc
_cLIBROS
945 _awfj
_d2019-04-08